Statistics for Countries visited by German Chancellors

Click here to take the quiz!

General Stats

  • This quiz has been taken 24 times
  • The average score is 92 of 114

Answer Stats

First VisitedCountryFirst Chancellor visited% Correct
1956BelgiumKonrad Adenauer
100%
1964DenmarkLudwig Erhard
100%
1975FinlandHelmut Schmidt
100%
1967IndiaKurt Georg Kiesinger
100%
1957NetherlandsKonrad Adenauer
100%
1968PortugalKurt Georg Kiesinger
100%
2000SlovakiaGerhard Schröder
100%
1954TurkeyKonrad Adenauer
100%
1952United KingdomKonrad Adenauer
100%
1984ArgentinaHelmut Kohl
96%
1957AustriaKonrad Adenauer
96%
1975ChinaHelmut Schmidt
96%
1973EgyptWilly Brandt
96%
1960JapanKonrad Adenauer
96%
1956LuxembourgKonrad Adenauer
96%
1996MoroccoHelmut Kohl
96%
1966NorwayLudwig Erhard
96%
1970PolandWilly Brandt
96%
1992RussiaHelmut Kohl
96%
2011SerbiaAngela Merkel
96%
2003Serbia and MontenegroGerhard Schröder
96%
1968SpainKurt Georg Kiesinger
96%
1966SwedenLudwig Erhard
96%
1973AlgeriaWilly Brandt
92%
1979BrazilHelmut Schmidt
92%
2003CroatiaGerhard Schröder
92%
1997Czech RepublicHelmut Kohl
92%
2000EstoniaGerhard Schröder
92%
1953FranceKonrad Adenauer
92%
1954GreeceKonrad Adenauer
92%
1957IranKonrad Adenauer
92%
1979IrelandHelmut Schmidt
92%
1954ItalyKonrad Adenauer
92%
1998LatviaHelmut Kohl
92%
2000LithuaniaGerhard Schröder
92%
1997New ZealandHelmut Kohl
92%
1967PakistanKurt Georg Kiesinger
92%
1979PeruHelmut Schmidt
92%
1978RomaniaHelmut Schmidt
92%
2001SloveniaGerhard Schröder
92%
1953United StatesKonrad Adenauer
92%
1979BulgariaHelmut Schmidt
88%
1953CanadaKonrad Adenauer
88%
1991ChileHelmut Kohl
88%
2008ColombiaAngela Merkel
88%
1984MexicoHelmut Kohl
88%
2016NigerAngela Merkel
88%
1978NigeriaHelmut Schmidt
88%
1995South AfricaHelmut Kohl
88%
1993UkraineHelmut Kohl
88%
1995VietnamHelmut Kohl
88%
1973YugoslaviaWilly Brandt
88%
1999AlbaniaGerhard Schröder
83%
1999Bosnia and HerzegovinaGerhard Schröder
83%
1983IndonesiaHelmut Kohl
83%
1997KazakhstanHelmut Kohl
83%
1999North MacedoniaGerhard Schröder
83%
1983Saudi ArabiaHelmut Kohl
83%
1955Soviet UnionKonrad Adenauer
83%
2003SwitzerlandGerhard Schröder
83%
1986ThailandHelmut Kohl
83%
1956Vatican CityKonrad Adenauer
83%
1988AustraliaHelmut Kohl
79%
2015BelarusAngela Merkel
79%
2011CyprusAngela Merkel
79%
1973CzechoslovakiaWilly Brandt
79%
2000GeorgiaGerhard Schröder
79%
1973IsraelWilly Brandt
79%
1983JordanHelmut Kohl
79%
2000LebanonGerhard Schröder
79%
1987NepalHelmut Kohl
79%
1993South KoreaHelmut Kohl
79%
2000SyriaGerhard Schröder
79%
1970TunisiaWilly Brandt
79%
2018AzerbaijanAngela Merkel
75%
2004EthiopiaGerhard Schröder
75%
1979HungaryHelmut Schmidt
75%
1954IcelandKonrad Adenauer
75%
2004LibyaGerhard Schröder
75%
2004MaltaGerhard Schröder
75%
2012MoldovaAngela Merkel
75%
1967MyanmarKurt Georg Kiesinger
75%
1995NamibiaHelmut Kohl
75%
2005OmanGerhard Schröder
75%
2003United Arab EmiratesGerhard Schröder
75%
2005YemenGerhard Schröder
75%
2018ArmeniaAngela Merkel
71%
2005BahrainGerhard Schröder
71%
1987CameroonHelmut Kohl
71%
2004GhanaGerhard Schröder
71%
1987KenyaHelmut Kohl
71%
1999KosovoGerhard Schröder
71%
2005KuwaitGerhard Schröder
71%
2003MalaysiaGerhard Schröder
71%
2016MaliAngela Merkel
71%
2005QatarGerhard Schröder
71%
1968AfghanistanKurt Georg Kiesinger
67%
2011MongoliaAngela Merkel
67%
1978SingaporeHelmut Schmidt
67%
2002UzbekistanGerhard Schröder
67%
2018SenegalAngela Merkel
63%
2016KyrgyzstanAngela Merkel
58%
1996PhilippinesHelmut Kohl
58%
1967Sri LankaKurt Georg Kiesinger
58%
2011AngolaAngela Merkel
54%
2019Burkina FasoAngela Merkel
54%
1979Dominican RepublicHelmut Schmidt
50%
1970East GermanyWilly Brandt
50%
1971JamaicaWilly Brandt
50%
2007LiberiaAngela Merkel
50%
1987MozambiqueHelmut Kohl
50%
1978ZambiaHelmut Schmidt
42%
1997BruneiHelmut Kohl
38%
2017Ivory CoastAngela Merkel
38%

Score Distribution

Percentile by Number Answered

Percent of People with Each Score

Your Score History

You have not taken this quiz